Winningham's Critical Thinking Cases in Nursing : (Record no. 17231)
[ view plain ]
| 000 -LEADER | |
|---|---|
| fixed length control field | 01784cam a22003258a 4500 |
| 001 - CONTROL NUMBER | |
| control field | 17134856 |
| 005 - DATE AND TIME OF LATEST TRANSACTION | |
| control field | 20130205111621.0 |
| 008 - FIXED-LENGTH DATA ELEMENTS--GENERAL INFORMATION | |
| fixed length control field | 120124s2013 mou b 000 0 eng |
| 010 ## - LIBRARY OF CONGRESS CONTROL NUMBER | |
| LC control number | 2012003221 |
| 020 ## - INTERNATIONAL STANDARD BOOK NUMBER | |
| International Standard Book Number | 9780323083256 (pbk. : alk. paper) |
| 082 00 - DEWEY DECIMAL CLASSIFICATION NUMBER | |
| Classification number | 610.73 |
| Edition number | 23 |
| Item number | HAR |
| 100 1# - MAIN ENTRY--PERSONAL NAME | |
| Personal name | Harding, Mariann. |
| 9 (RLIN) | 32400 |
| 245 10 - TITLE STATEMENT | |
| Title | Winningham's Critical Thinking Cases in Nursing : |
| Remainder of title | Medical-Surgical, Pediatric, Maternity, and Psychiatric / |
| Statement of responsibility, etc | Mariann Harding, Julie S. Snyder, Barbara A. Preusser. |
| 246 1# - VARYING FORM OF TITLE | |
| Title proper/short title | Critical thinking cases in nursing |
| 250 ## - EDITION STATEMENT | |
| Edition statement | 5th ed. |
| 260 ## - PUBLICATION, DISTRIBUTION, ETC. (IMPRINT) | |
| Place of publication, distribution, etc | St. Louis, Mo. : |
| Name of publisher, distributor, etc | Elsevier/Mosby, |
| Date of publication, distribution, etc | c2013. |
| 300 ## - PHYSICAL DESCRIPTION | |
| Extent | p. ; |
| Dimensions | cm. |
| 500 ## - GENERAL NOTE | |
| General note | Rev. ed. of: Critical thinking in medical-surgical settings / Maryl L. Winningham and Barbara A. Preusser. 2nd ed. c2011. |
| 504 ## - BIBLIOGRAPHY, ETC. NOTE | |
| Bibliography, etc | Includes bibliographical references. |
| 505 0# - FORMATTED CONTENTS NOTE | |
| Formatted contents note | Cardiovascular disorders -- Respiratory disorders -- Musculoskeletal disorders -- Gastrointestinal disorders -- Genitourinary disorders -- Neurologic disorders -- Endocrine disorders -- Immunologic disorders -- Oncologic and hematologic disorders -- Pediatric disorders -- Maternal and obstetric disorders -- Women's health disorders -- Psychiatric disorders -- Alternative therapies -- Patients with multiple disorders -- Emergency situations. |
| 650 12 - SUBJECT ADDED ENTRY--TOPICAL TERM | |
| Topical term or geographic name as entry element | Nursing Process |
| Form subdivision | Case Reports. |
| 9 (RLIN) | 32401 |
| 650 12 - SUBJECT ADDED ENTRY--TOPICAL TERM | |
| Topical term or geographic name as entry element | Nursing Process |
| Form subdivision | Problems and Exercises. |
| 9 (RLIN) | 32402 |
| 650 22 - SUBJECT ADDED ENTRY--TOPICAL TERM | |
| Topical term or geographic name as entry element | Nursing Care |
| Form subdivision | Case Reports. |
| 9 (RLIN) | 32403 |
| 650 22 - SUBJECT ADDED ENTRY--TOPICAL TERM | |
| Topical term or geographic name as entry element | Nursing Care |
| Form subdivision | Problems and Exercises. |
| 9 (RLIN) | 32404 |
| 653 ## - INDEX TERM--UNCONTROLLED | |
| Resource For college | |
| Arrived date list | February2013 |
| 700 1# - ADDED ENTRY--PERSONAL NAME | |
| Personal name | Snyder, Julie S. |
| 9 (RLIN) | 32405 |
| 700 1# - ADDED ENTRY--PERSONAL NAME | |
| Personal name | Preusser, Barbara A. |
| 9 (RLIN) | 32406 |
| 700 1# - ADDED ENTRY--PERSONAL NAME | |
| Personal name | Winningham, Maryl Lynne, |
| Dates associated with a name | 1947-2001. |
| Title of a work | Critical thinking in medical-surgical settings. |
| 9 (RLIN) | 32407 |
| 942 ## - ADDED ENTRY ELEMENTS (KOHA) | |
| Source of classification or shelving scheme | Dewey Decimal Classification |
| Item type | |
| Withdrawn status | Item status | Source of classification or shelving scheme | Damaged status | Not for loan | Vendor | Home library | Current library | Shelving location | Date acquired | Source of acquisition | Cost, normal purchase price | Serial Enumeration / chronology | Total Checkouts | Total Renewals | Full call number | Barcode | Date last seen | Date last borrowed | Koha item type |
|---|---|---|---|---|---|---|---|---|---|---|---|---|---|---|---|---|---|---|---|
| Dewey Decimal Classification | Arab Oasis | Central Library | Central Library | First floor | 05/02/2013 | 350.00 | 18 | 4 | 10 | 610.73 HAR | 000028008 | 15/07/2025 | 26/02/2018 | Book - Borrowing |